|
|
|
|
| LEADER |
00000naa0a2200000 4500 |
| 001 |
648526 |
| 005 |
20250905155909.0 |
| 035 |
|
|
|a (RuTPU)RU\TPU\network\13685
|
| 090 |
|
|
|a 648526
|
| 100 |
|
|
|a 20160523d2015 k y0rusy50 ca
|
| 101 |
0 |
|
|a rus
|
| 102 |
|
|
|a RU
|
| 135 |
|
|
|a drgn ---uucaa
|
| 181 |
|
0 |
|a i
|
| 182 |
|
0 |
|a b
|
| 200 |
1 |
|
|a Биологическая очистка хозяйственно бытовых стоков в локальных бытовых сооружениях объектов индивидуальной жилой застройки
|f А. Ю. Башарова
|g науч. рук. А. Н. Вторушина
|
| 203 |
|
|
|a Текст
|c электронный
|
| 300 |
|
|
|a Заглавие с экрана
|
| 320 |
|
|
|a [Библиогр.: с. 237 (3 назв.)]
|
| 463 |
|
|
|t Безопасность-2015
|o сборник научных трудов XX Всероссийской студенческой научно-практической конференции с международным участием “Современный мир и безопасность”, г. Иркутск, 21-24 апреля 2015 г.
|f Иркутский национальный исследовательский технический университет (ИРНИТУ)
|v [С. 236-237]
|d 2015
|
| 610 |
1 |
|
|a электронный ресурс
|
| 610 |
1 |
|
|a труды учёных ТПУ
|
| 700 |
|
1 |
|a Башарова
|b А. Ю.
|g Александра Юрьевна
|
| 702 |
|
1 |
|a Вторушина
|b А. Н.
|c специалист в области экологии и безопасности жизнедеятельности
|c доцент Томского политехнического университета, кандидат химических наук
|f 1981-
|g Анна Николаевна
|3 (RuTPU)RU\TPU\pers\28245
|4 727
|
| 712 |
0 |
2 |
|a Национальный исследовательский Томский политехнический университет (ТПУ)
|b Институт неразрушающего контроля (ИНК)
|b Кафедра экологии и безопасности жизнедеятельности (ЭБЖ)
|3 (RuTPU)RU\TPU\col\18720
|
| 801 |
|
2 |
|a RU
|b 63413507
|c 20160523
|g RCR
|
| 856 |
4 |
|
|u http://www.istu.edu/docs/education/faculty/institute_entrails/bjd/konf/bezopasn_15.pdf#page=236
|
| 942 |
|
|
|c CF
|